Score 0/16 Timer 02:00
6 Plays Today
States Can you leapfrog between these states? % Correct
Colorado and Texas???
75.2%
Texas and Missouri???
73.5%
New Mexico and Mississippi???
72.4%
Tennessee and Florida???
71.4%
Vermont and Pennsylvania???
71.3%
Wisconsin and Ohio???
62.2%
Florida and Louisiana???
61.3%
Washington and Utah???
61.1%
States Can you leapfrog between these states? % Correct
Montana and Iowa???
56.1%
Minnesota and Kansas???
55.1%
Indiana and Arkansas???
54.1%
Wyoming and California???
50.6%
Maine and Connecticut???
49.3%
Arkansas and Virginia???
47%
New Jersey and Virginia???
44.5%
South Carolina and Kentucky???
32.9%
Remove Ads.
Support Sporcle.
Get the best of Sporcle when you Go Orange. This ad-free experience offers more features, more stats, and more fun while also helping to support Sporcle. Thank you for becoming a member.

You're not logged in!

Compare scores with friends on all Sporcle quizzes.
OR
Log In

Show Comments

Extras

Top Quizzes Today


Score Distribution

Your Account Isn't Verified!

In order to create a playlist on Sporcle, you need to verify the email address you used during registration. Go to your Sporcle Settings to finish the process.

Report this User

Report this user for behavior that violates our Community Guidelines.

Details: